000 00418nam a22001697a 4500
003 MPLRDC
005 20220104144524.0
008 210129b ||||| |||| 00| 0 eng d
082 _a835 WCC-5
100 _a世一编辑部
245 _a新编古文观止
_c
250 _a三版
260 _a
_b世一文化事业
_c1998
300 _b
650 _a中国散文总集--古文观止
942 _cBK
_o835 WCC-5
999 _c50435
_d50425